000 01000nam a2200253Ia 4500
003 OSt
005 20220930190013.0
006 a|||||r|||| 00| 0
007 ta
008 220926b |||||||| |||| 00| 0 hin d
020 _a8177021672 (hbk)
_c995
024 _a1282
037 _b2000/I, 22/01/2009, Vidyanidhi Prakashan
_cTextbook
040 _aCRL
_cCRL
_bhin
041 _2hin
_ahin
082 _aY:6.2.C, 152P8
100 _aपाण्डेय, अजय कुमार, संपा.
_9160050
245 0 _aप्रचीन भारत में सामाजिक एंव आर्थिक परिवर्तन
246 _aVāstu sarvasva
260 _aदिल्ली,
_bप्रतिभा प्रकाशन, भारत
_c2008
300 _a500पृ0
_ccm.
942 _hY:6.2.C, 152P8
_cTB
_2CC
999 _c891433
_d891433